Opäť na tému elektronické registračné pokladnice - názov tovaru

Označovanie tovaru v registračných pokladniciach. Oblasti potravín, oblasti textilu, železiarskeho tovaru a domácich potrieb, textilnej galantérie.

Salvato in:
Dettagli Bibliografici
Natura: Capitolo di libro
Lingua:slovacco
Soggetti:
Tags: Aggiungi Tag
Nessun Tag, puoi essere il primo ad aggiungerne!!

MARC

LEADER 00000naa a2200000 4500
001 r018811
005 20221213100147.5
041 0 |a slo 
044 |a SK 
245 1 0 |a Opäť na tému elektronické registračné pokladnice - názov tovaru 
520 |a Označovanie tovaru v registračných pokladniciach. Oblasti potravín, oblasti textilu, železiarskeho tovaru a domácich potrieb, textilnej galantérie. 
610 2 0 |a pokladnice kontrolné 
610 2 0 |a tovar 
610 2 0 |a tovaroznalectvo